Dark Souls Stats - Statistics

General Stats
  • This quiz has been taken 73 times
  • The average score is 9 of 11
Answer Stats
Game(s) Stat % Correct
DS1/DS2/DS3 Faith
94%
DS1/DS2/DS3 Strength
94%
DS1/DS2/DS3 Dexterity
90%
DS1/DS2/DS3 Endurance
90%
DS1/DS2/DS3 Intelligence
89%
DS1/DS2/DS3 Vitality
81%
DS2/DS3 Vigor
73%
DS2 Adaptability
69%
DS3 Luck
61%
DS1 Resistance
60%
DS1/DS2/DS3 Attunement
50%
No matching quizzes found
Score Distribution
Percent of People with Each Score
Percentile by Number Answered
Your Score History
You have not taken this quiz